Catálogo de obras, concurso de pinturas para jóvenes artistas: Libertad 2003
Saved in:
| Format: | Book |
|---|---|
| Language: | Spanish |
| Published: |
Santiago
Fundación Presidente Balmaceda
2003
|
| Subjects: | |
| Tags: |
Add Tag
No Tags, Be the first to tag this record!
|
MARC
| LEADER | 00000nam a2200000 a 4500 | ||
|---|---|---|---|
| 001 | UCL7246 | ||
| 003 | CL-VaPUC | ||
| 008 | 040514e20030000CL |||||||||||||||||spa|d | ||
| 082 | 0 | 4 | |a 750.74 |b CAT |2 21 |
| 245 | 1 | 0 | |a Catálogo de obras, concurso de pinturas para jóvenes artistas: Libertad 2003 |
| 300 | |a pág. irreg | ||
| 942 | |c BK | ||
| 945 | |d 20040514 00:00:00 |a cmena | ||
| 260 | |a Santiago |b Fundación Presidente Balmaceda |c 2003 | ||
| 500 | |a Exposición realizada en el Salón Fundación Presidente Balmaceda, del 12 de diciembre de 2003 al 06 de enero de 2004 | ||
| 500 | |a Incluye trabajos de: Oscar Esteban Petersen Icardi, Paulo Alexandre Meyer Valenzuela, Claudio Alfonso Gacitúa Araya, Daniela Edith Gallardo Zderich, Cristina Alejandra Arancibia Brecha, Johan Sebastián Farías Luan, Leonell Henry Ramos Reyes, César Antonio Letelier Santana, Jaime Patricio Ponce Sandoval, Ricardo Alejandro Morales Stuardo, Carlos Marcelo Cañas Rojas, Rodrigo Andrés Díaz Carrizo, Adán Edmundo Medina Hinojosa, Luis Alberto Zapata Cea, Nicolás Federico Candia Barahona, Daniel Rodrigo Valdés Orellana, Gonzalo Andrés Valladares Ceballos, Germán Alejandro Cabrera Valdés, César Andrés Tasso Valdés, René Daniel Klisdonk Campos | ||
| 650 | 7 | |a PINTURA CHILENA SIGLO 21 |2 CL-VaPUC |9 485104 | |
| 583 | |a last modification |c 20040514 00:00:00 |k Rodrigo Vera | ||
| 999 | |c 309094 |d 309092 | ||
| 952 | |0 0 |1 0 |4 0 |6 750_740000000000000_CAT_2003 |7 0 |8 R |9 376377 |a BIBART |b BIBART |d 2019-11-21 |i 4013433 |o 750.74 CAT 2003 |p 4013433 |r 2025-03-13 |w 2019-11-21 |y BK_R |k ART | ||